Concise encyclopedia of industrial chemical additives
Saved in:
| Other Authors: | , |
|---|---|
| Format: | Book |
| Language: | English |
| Published: |
London
Edward Arnold
1991
|
| Subjects: | |
| Online Access: | View in OPAC |
| Tags: |
No Tags, Be the first to tag this record!
|
MARC
| LEADER | 00000pam a2200000 a 4500 | ||
|---|---|---|---|
| 005 | 20260127134230.0 | ||
| 008 | 050414s1991 enka b 101 0 eng | ||
| 010 | |a 89-006926 | ||
| 020 | |a 0340556226 | ||
| 035 | |a vtls001523773 | ||
| 039 | 9 | |a 200903101219 |b mschk03 |c 200903101215 |d mschk03 |y 200504141114 |z mschk03 | |
| 040 | |a STUSCHK1 |b slo |c STUSCHK1 | ||
| 080 | |a 54 | ||
| 245 | 0 | 4 | |a Concise encyclopedia of industrial chemical additives |c compiled by Michael and Irene Ash |
| 260 | |a London |b Edward Arnold |c 1991 | ||
| 300 | |a xi, 859 s. |b il. |c 23,5 cm. | ||
| 650 | 0 | |a chémia | |
| 700 | 1 | |a Ash, Michael |4 edt | |
| 700 | 1 | |a Ash. Irene |4 edt | |
| 910 | |a SCHK95 | ||
| 919 | |a 0-340-55622-6 | ||
| 999 | |c 7327 |d 7327 | ||